[Event "Østlandsserien 1999/2000, 2. div. B"]
[Site "Ås, Akershus NOR"]
[Date "2000.01.22"]
[Round "3"]
[White "Sondresen, Per"]
[Black "Gyldenås, Ole-Jørn"]
[Result "1/2-1/2"]
[WhiteElo "1800"]
[BlackElo "1896"]
[PlyCount "87"]
[EventDate "1999.11.07"]
[Board "2"]
[WhiteTeam "Follo 2"]
[BlackTeam "Nordstrand 2"]

1. Nf3 d5 2. g3 Nf6 3. Bg2 c6 4. b3 Bg4 5. Bb2 Nbd7 6. d4 e6 7. Nbd2 Bd6 8. Ne5
h5 9. h4 Qc7 10. f4 Bf5 11. Bf3 Ne4 12. Bxe4 Bxe4 13. Nxe4 dxe4 14. e3 Nf6 15.
O-O O-O-O 16. Qe2 Rh6 17. Rf2 Nh7 18. Nc4 f6 19. Nd2 f5 20. Nf1 Nf6 21. c4 Ng4
22. Rg2 c5 23. Rd1 cxd4 24. Bxd4 Kb8 25. c5 Bf8 26. b4 Rh7 27. Nh2 Nxh2 28.
Kxh2 Ka8 29. Be5 Qc8 30. Rgg1 g6 31. Rd4 Rxd4 32. Bxd4 Rd7 33. Qc4 Qc6 34. Qc3
Qd5 35. Rg2 Qc6 36. Qb3 a6 37. a4 Qd5 38. Qc3 Rc7 39. Rd2 Rc8 40. Be5 Qc6 41.
Qc2 b6 42. Qb2 bxc5 43. bxc5 Qxc5 44. Qb3 1/2-1/2

[Event "Østlandsserien 1999/2000, 2. div. B"]
[Site "Ås, Akershus NOR"]
[Date "2000.01.22"]
[Round "3"]
[White "Synnestvedt, Jan"]
[Black "Andersen, Odd"]
[Result "1-0"]
[WhiteElo "1817"]
[BlackElo "1703"]
[PlyCount "64"]
[EventDate "1999.11.07"]
[Board "3"]
[WhiteTeam "Nordstrand 2"]
[BlackTeam "Follo 2"]

1. d4 Nf6 2. Nf3 d5 3. Bf4 c6 4. e3 Bf5 5. c4 e6 6. Nc3 Nh5 7. Bg3 Nxg3 8. hxg3
h6 9. Bd3 Bxd3 10. Qxd3 Bd6 11. c5 Bc7 12. b4 a6 13. a4 Nd7 14. O-O O-O 15. Nd2
e5 16. b5 e4 17. Qc2 axb5 18. axb5 Qg5 19. Qb2 Rxa1 20. Rxa1 Nf6 21. Nf1 Ng4
22. bxc6 bxc6 23. Qb7 Bxg3 24. Nxg3 Nxe3 25. Qxc6 h5 26. Ra8 h4 27. Ncxe4 dxe4
28. Rxf8+ Kxf8 29. Qa8+ Ke7 30. Qxe4+ Kd7 31. Qxe3 Qxe3 32. fxe3 hxg3 1-0

[Event "Østlandsserien 1999/2000, 2. div. B"]
[Site "Ås, Akershus NOR"]
[Date "2000.01.22"]
[Round "3"]
[White "Lea, Per"]
[Black "Lysedal, Petter Henrik"]
[Result "1-0"]
[WhiteElo "1686"]
[BlackElo "1962"]
[Annotator "Lea, Per"]
[PlyCount "57"]
[EventDate "1999.11.07"]
[Board "4"]
[WhiteTeam "Follo 2"]
[BlackTeam "Nordstrand 2"]

{Et artig møte med en av skolesjakkguruene i Oslo på 1960-tallet. Mange
anekdoter om ham kan leses i Arne Danielsens minneord i Norsk Sjakkblad nr 4/
2008.} 1. e4 c5 2. Nf3 d6 3. d4 cxd4 4. Nxd4 Nf6 5. Nc3 a6 6. Bg5 Nbd7 7. f4 b5
8. Nd5 Bb7 (8... Nxe4 $4 9. Nc6 {og dronninga er fanget. Men å tro at en
spiller av mesterstyrke går i sånne feller, er å tro på julenissen.}) 9. Qf3 e6
10. Nxf6+ gxf6 {Mange ville slått med springeren her, men silisiumshjernene
påstår at teksttrekket er bedre. Dette er sånt jeg ikke forstår - nå har jo
svart nesten fratatt seg selv muligheten til å rokere: uansett hvilken side
han rokerer til, blir kongestillingen utsatt. Løsningen blir som i partiet:
holde monarken i sentrum - uten at det var noen genistrek.} 11. Bh4 Qa5+ (11...
Nc5 12. Qe3 {Bonden ryker uansett} (12. Bd3 Qa5+ 13. c3 f5 {
blir veldig ubehagelig for hvit}) 12... Nxe4 13. O-O-O) 12. c3 f5 $2 {
Her blingser den godeste "Disch"} ({Etter} 12... b4 {beholder svart initiativet
} 13. Nb3 Qa4 14. c4 f5) 13. Nxe6 $1 h5 (13... fxe6 $4 14. Qh5#) 14. b4 Qb6 15.
Bf2 Qc6 16. Bd4 fxe4 17. Qh3 Rh6 18. Ng7+ (18. Nxf8 Kxf8 19. Be2 Nb6 20. O-O {
var bedre}) 18... Bxg7 19. Bxg7 Rh7 20. Bd4 Bc8 21. Be2 Ne5 $2 22. Qg3 Ng6 23.
O-O Qd5 24. a4 Bd7 $2 {Den avgjørende feilen} (24... h4 25. Qe3 h3 26. axb5
hxg2 27. Rfe1 {er nok bra for hvit, men svart kan i hvert fall kjempe videre})
25. axb5 Bxb5 26. Bxb5+ Qxb5 27. Ra5 (27. f5 Ne7 28. f6 Ng6 29. Qxd6 Qd7 30.
Qb6 Kf8 31. Rxa6 Rc8 32. Re1 {og hvit bør vinne greit}) 27... Qb7 28. f5 Ne7
29. Qxd6 {og svart tapte på tid. Da vi skulle møte Nordstrand 3 noen år
seinere, var "Disch" synlig skuffet over at vi var plassert på forskjellige
bord. Dermed ble det ikke noe revansjeparti - og nå er det for seint...} 1-0

[Event "Østlandsserien 1999/2000, 2. div. B"]
[Site "Ås, Akershus NOR"]
[Date "2000.01.22"]
[Round "3"]
[White "Seres, Ferenc"]
[Black "Skår, Bjarte"]
[Result "1-0"]
[WhiteElo "1816"]
[BlackElo "1691"]
[PlyCount "79"]
[EventDate "1999.11.07"]
[Board "5"]
[WhiteTeam "Nordstrand 2"]
[BlackTeam "Follo 2"]

1. Nf3 Nf6 2. g3 g6 3. Bg2 Bg7 4. O-O O-O 5. d3 d6 6. e4 e5 7. Nc3 Nc6 8. Ne1
Ne8 9. f4 f5 10. Nf3 Be6 11. Ng5 Nd4 12. exf5 gxf5 13. Bxb7 Rb8 14. Nxe6 Nxe6
15. Bd5 Qd7 16. Rb1 c6 17. Bb3 Kh8 18. Ne2 e4 19. c3 Nf6 20. dxe4 Nxe4 21. Be3
Rbd8 22. Nd4 N6c5 23. Bc2 d5 24. Nf3 Ne6 25. Qe2 c5 26. Rfd1 Qc7 27. Bb3 Qc6
28. Bc2 d4 29. cxd4 cxd4 30. Bf2 Rfe8 31. Bd3 N6c5 32. Rbc1 Nc3 33. Qc2 Nxd1
34. Qxd1 Qb6 35. Bxf5 Ne4 36. Bxe4 Rxe4 37. Qd3 Qxb2 38. Rc2 Qb7 39. Ng5 Qb1+
40. Kg2 1-0

[Event "Østlandsserien 1999/2000, 2. div. B"]
[Site "Oslo NOR"]
[Date "2000.01.23"]
[Round "4"]
[White "Næssvold, Kjell"]
[Black "Johansen, Kai-Roger"]
[Result "1-0"]
[WhiteElo "1830"]
[BlackElo "1899"]
[PlyCount "73"]
[EventDate "1999.11.07"]
[Board "1"]
[WhiteTeam "Follo 2"]
[BlackTeam "Sjakkameratene"]

1. e4 c5 2. Nf3 Nc6 3. d4 cxd4 4. Nxd4 Nf6 5. Nc3 d6 6. Bc4 e6 7. Be3 Be7 8. f3
O-O 9. Qd2 a6 10. O-O-O Qc7 11. Bb3 b5 12. g4 Na5 13. g5 Nxb3+ 14. axb3 Nd7 15.
h4 Bb7 16. h5 b4 17. Na4 d5 18. g6 Nc5 19. gxf7+ Rxf7 20. Nxc5 Bxc5 21. Nxe6
Bxe3 22. Qxe3 Qe5 23. Ng5 Rf4 24. Nh3 Rh4 25. Nf2 Rxh5 26. Rxh5 Qxh5 27. e5 Rf8
28. f4 Qf5 29. Nd3 Qe4 30. Qb6 d4 31. Re1 Qf3 32. e6 Bd5 33. Qxb4 Rc8 34. e7
Qh5 35. Kb1 Bf7 36. Qxd4 Qh2 37. Qd8+ 1-0

[Event "Østlandsserien 1999/2000, 2. div. B"]
[Site "Oslo NOR"]
[Date "2000.01.23"]
[Round "4"]
[White "Sondresen, Per"]
[Black "Kristoffersen, Martin"]
[Result "1/2-1/2"]
[WhiteElo "1800"]
[BlackElo "1500"]
[PlyCount "125"]
[EventDate "1999.11.07"]
[Board "3"]
[WhiteTeam "Follo 2"]
[BlackTeam "Sjakkameratene"]

1. Nf3 d5 2. g3 Nf6 3. Bg2 Nc6 4. d4 Bd7 5. Nbd2 Qc8 6. h3 g6 7. c3 Bh6 8. e3
Bg7 9. b4 a6 10. Bb2 O-O 11. a4 Ne8 12. Qb3 e6 13. c4 Ne7 14. Ne5 c6 15. O-O f6
16. Nxd7 Qxd7 17. f4 f5 18. c5 Nf6 19. Rf2 Ne4 20. Nxe4 dxe4 21. Bf1 Nd5 22.
Bc4 Qe7 23. Rc1 Bf6 24. b5 axb5 25. axb5 Qd7 26. Rb1 Ra7 27. b6 Ra5 28. Bc3
Raa8 29. Rff1 Rfe8 30. Bd2 Qg7 31. Kh2 Re7 32. Ra1 Rd8 33. Ra7 Red7 34. Rfa1
Kf8 35. Ra8 h5 36. h4 Qe7 37. Kh3 Qe8 38. Rxd8 Rxd8 39. Ra7 Rb8 40. Qa4 Qc8 41.
Kg2 Qd8 42. Be2 Qc8 43. Qd1 Qe8 44. Kh3 Be7 45. Qc2 Kg7 46. Kh2 Kh6 47. Bf1 Qd8
48. Kh3 Qc8 49. Bg2 Bf6 50. Qa2 Bd8 51. Bf1 Be7 52. Bc4 Bd8 53. Be1 Bf6 54. Bf2
Bd8 55. Qd2 Bf6 56. Kg2 Bd8 57. Be2 Bf6 58. Ra1 Qe8 59. g4 hxg4 60. Bg3 Qe7 61.
Rh1 Ra8 62. Bf2 Qd8 63. Qb2 1/2-1/2

[Event "Østlandsserien 1999/2000, 2. div. B"]
[Site "Oslo NOR"]
[Date "2000.01.23"]
[Round "4"]
[White "Lea, Per"]
[Black "Moen, Knut"]
[Result "0-1"]
[WhiteElo "1686"]
[BlackElo "1526"]
[Annotator "Lea, Per"]
[PlyCount "68"]
[EventDate "1999.11.07"]
[Board "5"]
[WhiteTeam "Follo 2"]
[BlackTeam "Sjakkameratene"]

1. e4 c5 2. Nf3 Nc6 3. d4 cxd4 4. Nxd4 d6 5. Nc3 Bd7 6. Bc4 Nf6 7. Bg5 Ng4 8.
h3 Nge5 9. Bb3 h6 10. Be3 e6 11. Qd2 (11. Ndb5 Bc8 {er selvfølgelig mye bedre})
11... Rc8 12. O-O-O $2 ({Igjen er} 12. Ndb5 {
bedre. Nå forsvinner hele hvits fordel.}) 12... Na5 $1 13. Ndb5 $2 {
For seint, og dessuten er det direkte dårlig i denne stillingen} (13. f4 Nec4
14. Qe2 Be7 {er bra for svart, men stillingen er langt fra håpløs for hvit})
13... Nac4 14. Qe2 a6 15. Nd4 Qc7 16. Nb1 Be7 17. f4 Nxe3 18. Qxe3 O-O 19. h4
Nc4 20. Qf3 e5 21. Nf5 Bf6 22. Nc3 Bxf5 23. exf5 exf4 (23... Nxb2 $1 24. Nd5 (
24. Kxb2 $4 e4 25. Qe3 Qxc3+ 26. Qxc3 Bxc3+ 27. Kb1 e3 {
og hvit har kjempeproblemer})) 24. Nd5 Qd8 25. Qxf4 $4 Bxb2+ 26. Kb1 Be5 27.
Qe4 Nb6 28. Nxb6 Qxb6 29. g4 Qc5 30. Rd5 Qa3 31. Rxe5 dxe5 32. Qxe5 Qc5 33. Qg3
Qc6 34. Qg2 $4 {
Desperat tidsnød... Da skjer ofte denslags. Men svart bør vinne uansett.} Qxg2
0-1

[Event "Østlandsserien 1999/2000, 2. div. B"]
[Site "Ås (Holstad), Akershus NOR"]
[Date "2000.02.13"]
[Round "5"]
[White "Johansen, Øyvind"]
[Black "Johansen, Trond-Arne"]
[Result "1-0"]
[WhiteElo "2137"]
[BlackElo "1765"]
[PlyCount "99"]
[EventDate "1999.11.07"]
[Board "1"]
[WhiteTeam "Sarpsborg 1"]
[BlackTeam "Follo 2"]

1. d4 Nf6 2. c4 e6 3. Nc3 Bb4 4. Qc2 d5 5. a3 Bxc3+ 6. Qxc3 Ne4 7. Qc2 O-O 8.
Nf3 c6 9. g3 f5 10. Bg2 Nd7 11. O-O Qf6 12. Bf4 g5 13. Be5 Qg6 14. Ne1 Nxe5 15.
dxe5 g4 16. f3 gxf3 17. exf3 Ng5 18. Rd1 Qg7 19. Nd3 b6 20. cxd5 cxd5 21. Rfe1
Bd7 22. Nf4 Rac8 23. Qd2 Qh6 24. h4 Nf7 25. Bf1 Kh8 26. Nd3 Qg7 27. Kh2 Rg8 28.
Qf2 Rc2 29. Re2 Rxe2 30. Bxe2 Nxe5 31. Nf4 Nc6 32. Bb5 Rc8 33. Bxc6 Rxc6 34.
Nh5 Qe5 35. Kg1 Rc4 36. b3 Rc7 37. Qd2 Be8 38. Qh6 Rg7 39. Qxg7+ Qxg7 40. Nxg7
Kxg7 41. Kf2 Kf6 42. Ke3 Ke5 43. Rc1 d4+ 44. Kd3 Bb5+ 45. Kd2 Kd5 46. Rc7 e5
47. Rxh7 e4 48. fxe4+ fxe4 49. Rh5+ Kc6 50. Rxb5 1-0

[Event "Østlandsserien 1999/2000, 2. div. B"]
[Site "Ås (Holstad), Akershus NOR"]
[Date "2000.02.13"]
[Round "5"]
[White "Knudsen, Ragnar"]
[Black "Andersen, Odd"]
[Result "1/2-1/2"]
[WhiteElo "1795"]
[BlackElo "1703"]
[PlyCount "109"]
[EventDate "1999.11.07"]
[Board "3"]
[WhiteTeam "Sarpsborg 1"]
[BlackTeam "Follo 2"]

1. Nf3 f5 2. c4 e6 3. g3 Nf6 4. Bg2 d5 5. O-O Be7 6. b3 O-O 7. Bb2 c6 8. d3 h6
9. Nbd2 Na6 10. Ne5 Kh7 11. Ndf3 g5 12. e3 Nc5 13. b4 Ncd7 14. Qb3 Nxe5 15.
Nxe5 Nd7 16. Rab1 Nxe5 17. Bxe5 Bf6 18. Qc3 Bd7 19. Bxf6 Qxf6 20. Qxf6 Rxf6 21.
f4 Rh8 22. Rfc1 dxc4 23. Rxc4 e5 24. fxg5 hxg5 25. b5 Re8 26. bxc6 Bxc6 27.
Bxc6 Rxc6 28. Rxc6 bxc6 29. Rc1 Re6 30. Kf1 Kg6 31. Rc5 Kf6 32. h4 gxh4 33.
gxh4 Rd6 34. Ke2 Re6 35. Ra5 Re7 36. Ra6 Rc7 37. d4 exd4 38. exd4 Ke6 39. Kf3
Kd5 40. Ke3 f4+ 41. Kxf4 Kxd4 42. h5 c5 43. Rd6+ Kc3 44. h6 c4 45. Kg5 Kb2 46.
Rd2+ Kb1 47. Rh2 c3 48. h7 Rc8 49. h8=Q Rxh8 50. Rxh8 c2 51. Rb8+ Kxa2 52. Rc8
Kb2 53. Rb8+ Kc3 54. Rc8+ Kd2 55. Rd8+ 1/2-1/2

[Event "Østlandsserien 1999/2000, 2. div. B"]
[Site "Ås (Holstad), Akershus NOR"]
[Date "2000.02.13"]
[Round "5"]
[White "Lea, Per"]
[Black "Lømo, Markus"]
[Result "1/2-1/2"]
[WhiteElo "1686"]
[BlackElo "1819"]
[Annotator "Lea, Per"]
[PlyCount "39"]
[EventDate "1999.11.07"]
[Board "4"]
[WhiteTeam "Follo 2"]
[BlackTeam "Sarpsborg 1"]

1. e4 c5 2. Nf3 d6 3. d4 cxd4 4. Nxd4 Nf6 5. Nc3 a6 6. Bg5 e6 7. f4 b5 8. Qf3
Bb7 9. O-O-O Nbd7 10. Bd3 Qc7 11. Rhe1 Be7 12. Nd5 Nxd5 ({
Svart tør ikke å gå inn i komplikasjonene etter} 12... exd5) 13. exd5 Bxd5 14.
Qxd5 {Forhåpentligvis en overraskelse for svart...} (14. Nxe6 fxe6 15. Qh5+ Kd8
16. Bxe7+ Kxe7 17. Qxd5 Nc5 18. Bf5 Rac8 19. Rd2 Rhe8 20. Bxe6 Nxe6 21. Rxe6+
Kf8 22. Qxd6+ Qxd6 23. Rdxd6 a5 {og de to hvite merbøndene bør avgjøre}) 14...
exd5 15. Bxe7 {Forserer mer eller mindre fram en remis} ({
Hvits sjanse til seier ligger i} 15. Rxe7+ Kf8 16. Bf5 Re8 (16... Rd8 $4 17.
Be6 $1 f6 18. Rf7+ Ke8 (18... Kg8 $4 19. Rxf6#) 19. Rxg7 fxg5 20. Re1 Kf8 21.
Rf7+ Ke8 22. Bxd5+ Ne5 23. Rxc7 {og hvit vinner}) 17. Rxd7 Qb6 {
med fordel for hvit}) 15... Ne5 16. Nf5 Nxd3+ 17. Rxd3 Qa5 18. Bh4+ Kf8 19.
Be7+ Ke8 (19... Kg8 $4 20. Nh6+ gxh6 21. Rg3#) 20. Bh4+ 1/2-1/2

[Event "Østlandsserien 1999/2000, 2. div. B"]
[Site "Ås (Holstad), Akershus NOR"]
[Date "2000.02.13"]
[Round "5"]
[White "Jensen, Arne Roger"]
[Black "Skår, Bjarte"]
[Result "1-0"]
[WhiteElo "1880"]
[BlackElo "1691"]
[PlyCount "110"]
[EventDate "1999.11.07"]
[Board "5"]
[WhiteTeam "Sarpsborg 1"]
[BlackTeam "Follo 2"]

1. e4 c5 2. Nf3 d6 3. d4 cxd4 4. Qxd4 Nc6 5. Bb5 a6 6. Bxc6+ bxc6 7. Nc3 e5 8.
Qd3 Be7 9. O-O Nf6 10. Bg5 h6 11. Bxf6 Bxf6 12. Rfd1 Be7 13. Nd2 Be6 14. Nc4
Bxc4 15. Qxc4 Qb6 16. b3 O-O 17. Na4 Qb7 18. Qd3 Rfd8 19. c4 Ra7 20. Rac1 Qd7
21. c5 dxc5 22. Qc2 Qg4 23. Rxd8+ Bxd8 24. h3 Qe6 25. Nxc5 Qe8 26. Qc4 a5 27.
Nd3 Bb6 28. Qxc6 Qxc6 29. Rxc6 Bd4 30. Rc4 Rd7 31. Kf1 f6 32. Ke2 Kf7 33. f4 g5
34. fxe5 fxe5 35. Rc6 Kg7 36. Nc5 Rf7 37. Ne6+ Kh7 38. Nxd4 exd4 39. Rd6 Rc7
40. Rxd4 Rc2+ 41. Rd2 Rc3 42. Kd1 a4 43. Rc2 Rd3+ 44. Ke2 Rg3 45. Kf2 Rd3 46.
bxa4 Ra3 47. Rc7+ Kg6 48. Rc6+ Kg7 49. Ra6 h5 50. e5 g4 51. h4 g3+ 52. Ke2 Kf7
53. Rh6 Rxa2+ 54. Kf3 Ra3+ 55. Kf4 Rxa4+ 1-0

[Event "Østlandsserien 1999/2000, 2. div. B"]
[Site "Oslo NOR"]
[Date "2000.03.11"]
[Round "6"]
[White "Næssvold, Kjell"]
[Black "Borchgrevinck, Harald"]
[Result "0-1"]
[WhiteElo "2254"]
[BlackElo "1830"]
[PlyCount "88"]
[EventDate "1999.11.07"]
[Board "1"]
[WhiteTeam "Follo 2"]
[BlackTeam "NTG"]

1. e4 e6 2. d4 d5 3. Nc3 Bb4 4. e5 c5 5. a3 Bxc3+ 6. bxc3 Qc7 7. Nf3 b6 8. Bd3
Ba6 9. O-O Ne7 10. Bxa6 Nxa6 11. Qe2 Nb8 12. a4 O-O 13. Bb2 Nbc6 14. Ng5 h6 15.
Nh3 Na5 16. g4 Rac8 17. Rac1 Nc4 18. Ba1 Qd7 19. f4 g6 20. Kh1 Kg7 21. Qd3 Rh8
22. f5 exf5 23. Nf4 Rc6 24. Rce1 fxg4 25. e6 fxe6 26. Qe2 Nf5 27. Qxg4 Qf7 28.
Rg1 g5 29. dxc5 bxc5 30. Nd3 Kh7 31. Ne5 Nxe5 32. Rxe5 Qf6 33. Rge1 Rb8 34. Qe2
c4 35. Qf2 Rb7 36. R5e2 Rcb6 37. Rf1 Rb1 38. Ree1 Rxe1 39. Rxe1 g4 40. Kg1 Rg7
41. Qe2 g3 42. h3 Qh4 43. Kg2 Qf4 44. Rf1 Ne3+ 0-1

[Event "Østlandsserien 1999/2000, 2. div. B"]
[Site "Oslo NOR"]
[Date "2000.03.11"]
[Round "6"]
[White "Bekker-Jensen, Anne"]
[Black "Johansen, Trond-Arne"]
[Result "1-0"]
[WhiteElo "2059"]
[BlackElo "1765"]
[PlyCount "55"]
[EventDate "1999.11.07"]
[Board "2"]
[WhiteTeam "NTG"]
[BlackTeam "Follo 2"]

1. d4 Nf6 2. c4 e6 3. Nc3 Bb4 4. e3 O-O 5. Bd3 d5 6. Nge2 c6 7. O-O Nbd7 8. Qc2
dxc4 9. Bxc4 e5 10. Bd3 Re8 11. a3 Bd6 12. Ng3 Nf8 13. Nge4 exd4 14. exd4 Bxh2+
15. Kxh2 Ng4+ 16. Kg1 Qc7 17. g3 Ng6 18. Nb5 Qd7 19. Nbd6 Re6 20. Nxc8 Qxc8 21.
Nc5 Rd6 22. Bf5 Qe8 23. Bxg4 Rxd4 24. Qe2 Ne5 25. Bf4 Rd5 26. Rfe1 Rxc5 27.
Bxe5 f6 28. Bc3 1-0

[Event "Østlandsserien 1999/2000, 2. div. B"]
[Site "Oslo NOR"]
[Date "2000.03.11"]
[Round "6"]
[White "Lea, Per"]
[Black "Ornstein, Petra"]
[Result "1-0"]
[WhiteElo "1686"]
[BlackElo "2017"]
[Annotator "Lea, Per"]
[PlyCount "57"]
[EventDate "1999.11.07"]
[Board "3"]
[WhiteTeam "Follo 2"]
[BlackTeam "NTG"]

{Lagleder Simen Agdestein hadde reist til Tyskland for å spille Bundesliga og
hadde glemt å gi nøkkelen til spilelokalene til vikarierende lagleder. Dermed
fik de lov til å sille kampen i Oslo Schakselskaps erværdige lokaler, hvilket
vi ikke hadde noe i mot. For meg personlig ble det en utbytterik dag, ikke
minst fordi vi på vei fra parkeringsplassen til spilelokalet gikk forbi et
antikvariat. Der klarte jeg å få tak i et eksemplar av O. C Hovinds bok Sjakk
for alle fra 1943. To av NTG-spillerne hadde sterke sjakkspillere i nær
familie, Simen Agdesteins far Reidar, og min motstander, som var datter av den
IM Axel Ornstein IM, 7 ganger svensk mester i peroden 1972-1988. Vi spøkte med
at det jamen var bra vi møtte Agdestein senior og Ornstein junior, og ikke
Agdestein junior og Ornstein senior. Ikke at det hjalp noe: vi tapte matchen
4-1...} 1. e4 d6 2. d4 Nf6 3. Nc3 g6 4. Bc4 Bg7 5. Nf3 O-O 6. O-O Bg4 7. h3
Bxf3 8. Qxf3 Nc6 9. Be3 e5 10. d5 Nd4 11. Qd1 Nh5 12. Bxd4 exd4 13. Ne2 Qg5 14.
c3 dxc3 15. Nxc3 Rae8 {Hvit begynner å få problemer} 16. Qg4 {
Men dette bidrar ikke til å løse dem} ({Etter} 16. Bd3 Nf4 17. Qf3 {
er hvits stilling spillbar, men heller ikke mer}) 16... Qd2 (16... Qxg4 17.
hxg4 Bxc3 18. bxc3 Rxe4 19. gxh5 Rxc4 {med klart bedre stilling for svart}) 17.
Rab1 Bxc3 18. Rfd1 Qc2 19. Bd3 {Svarts forøk på bonderov er i ferd med å
straffe seg. Nå er fordelen i ferd med å gå over til hvit.} Qa4 20. bxc3 c6 21.
Rxb7 Rc8 22. dxc6 ({Enda bedre:} 22. e5 Qxg4 23. hxg4 Nf4 24. exd6) 22... Qxa2
{Selv så tidlig i partiet begynner tidsnøden å gjøre seg gjeldende for begge.
Dermed kommer det en del dårlige trekk fra begge.} 23. Qd7 (23. c7 $1 Qa5 (
23... Nf6 24. Qxc8 Rxc8 25. Rb8 Qe6 26. Ba6 Rf8 27. Rxf8+ Kxf8 28. f3) 24. Rb5
$1) 23... Qa4 24. Rdb1 Qxc6 25. Rxa7 Qxc3 26. Ba6 Qc2 27. Re1 {
Etter mye om og men burde man vel bare tatt remis i denne stillingen} Rcd8 28.
Qc7 Nf6 $4 {Tidsnøden har ødelagt mange partier...} 29. Qxc2 1-0

[Event "Østlandsserien 1999/2000, 2. div. B"]
[Site "Oslo NOR"]
[Date "2000.03.11"]
[Round "6"]
[White "Agdestein, Reidar"]
[Black "Moberg, Reidar"]
[Result "1-0"]
[WhiteElo "1879"]
[BlackElo "1615"]
[PlyCount "91"]
[EventDate "1999.11.07"]
[Board "4"]
[WhiteTeam "NTG"]
[BlackTeam "Follo 2"]

1. d4 Nf6 2. c4 e6 3. Nc3 c5 4. d5 d6 5. e4 Nbd7 6. Nf3 Be7 7. h3 exd5 8. exd5
O-O 9. Bd3 g6 10. O-O Nh5 11. Bh6 Re8 12. Qd2 Bf6 13. Ne4 Ne5 14. Nxf6+ Qxf6
15. Nxe5 Rxe5 16. Rfe1 Bd7 17. Rxe5 dxe5 18. Re1 Ng7 19. Qg5 Qxg5 20. Bxg5 Re8
21. Bf6 Nh5 22. Bxe5 Nf4 23. Bf1 b5 24. Bc3 Rxe1 25. Bxe1 a6 26. Bd2 Nh5 27.
Be3 Kf8 28. Bxc5+ Ke8 29. Bd4 bxc4 30. Bxc4 Bb5 31. Bxb5+ axb5 32. g3 Kd7 33.
b3 Kd6 34. Bc3 Kxd5 35. Kf1 f6 36. Ke2 Ke6 37. a4 bxa4 38. bxa4 Ng7 39. Kd3 Ne8
40. Kc4 Nc7 41. Kc5 f5 42. Kc6 Na6 43. a5 g5 44. Kb6 Nb8 45. Kb7 Nd7 46. Bb4
1-0

[Event "Østlandsserien 1999/2000, 2. div. B"]
[Site "Drøbak, Akershus NOR"]
[Date "2000.03.12"]
[Round "7"]
[White "Leer-Salvesen, Bjarte"]
[Black "Næssvold, Kjell"]
[Result "1-0"]
[WhiteElo "2254"]
[BlackElo "1830"]
[PlyCount "67"]
[EventDate "1999.11.07"]
[Board "1"]
[WhiteTeam "S.O.S.S."]
[BlackTeam "Follo 2"]

1. c4 Nf6 2. g3 c6 3. Bg2 d5 4. Nf3 dxc4 5. O-O g6 6. a4 Bg7 7. Na3 O-O 8. Nxc4
Bf5 9. d3 Qc8 10. Re1 h6 11. Qc2 Bh3 12. Bh1 Nbd7 13. a5 Ng4 14. d4 c5 15. d5
b5 16. axb6 axb6 17. Rxa8 Qxa8 18. d6 Qd8 19. Rd1 e6 20. b3 Re8 21. Bb2 e5 22.
e4 Qf6 23. Bg2 Bxg2 24. Kxg2 Qe6 25. h3 Ngf6 26. Ncxe5 Nxe5 27. Bxe5 Bf8 28.
Bxf6 Qxf6 29. e5 Qe6 30. Qc4 Qd7 31. Qd5 Bg7 32. Ra1 Kh7 33. Ra8 Re6 34. Rb8
1-0

[Event "Østlandsserien 1999/2000, 2. div. B"]
[Site "Drøbak, Akershus NOR"]
[Date "2000.03.12"]
[Round "7"]
[White "Lea, Per"]
[Black "Byklum, Bjørnar"]
[Result "0-1"]
[WhiteElo "1686"]
[BlackElo "2128"]
[PlyCount "56"]
[EventDate "1999.11.07"]
[Board "2"]
[WhiteTeam "Follo 2"]
[BlackTeam "S.O.S.S."]

1. e4 c5 2. Nf3 Nc6 3. d4 cxd4 4. Nxd4 Qc7 5. Nc3 e6 6. Ndb5 Qb8 7. Be3 Nf6 8.
a3 Be7 9. g3 O-O 10. Bg2 d6 11. O-O a6 12. Nd4 Bd7 13. Qe2 Qc7 14. Rfd1 b5 15.
Rd2 Rab8 16. Na2 Ne5 17. Nb4 Qc8 18. b3 a5 19. Nd3 Neg4 20. Rc1 Nxe3 21. Qxe3
Ng4 22. Qe2 e5 23. Nf5 Bxf5 24. exf5 Nh6 25. f4 Nxf5 26. fxe5 dxe5 27. Qxe5 Bf6
28. Qf4 Bd4+ 0-1

[Event "Østlandsserien 1999/2000, 2. div. B"]
[Site "Drøbak, Akershus NOR"]
[Date "2000.03.12"]
[Round "7"]
[White "Førland, Tor-Egil"]
[Black "Skår, Bjarte"]
[Result "1-0"]
[WhiteElo "1828"]
[BlackElo "1691"]
[PlyCount "58"]
[EventDate "1999.11.07"]
[Board "3"]
[WhiteTeam "S.O.S.S."]
[BlackTeam "Follo 2"]

1. Nf3 Nf6 2. c4 g6 3. g3 Bg7 4. Bg2 d6 5. O-O e5 6. Nc3 O-O 7. d3 Nc6 8. Rb1
Ne8 9. b4 f5 10. Qb3 h6 11. b5 Ne7 12. c5+ d5 13. c6 bxc6 14. bxc6 Kh7 15. Ba3
d4 16. Na4 Nd6 17. Nd2 Rf6 18. Nc5 g5 19. Rfc1 Qg8 20. Nd7 Rg6 21. Nc4 Bxd7 22.
cxd7 Rd8 23. Nxd6 Qxb3 24. Rxb3 cxd6 25. Rb7 a6 26. g4 Re6 27. gxf5 Rf6 28. Be4
Bf8 29. Rc8 d5 1-0

[Event "Østlandsserien 1999/2000, 2. div. B"]
[Site "Drøbak, Akershus NOR"]
[Date "2000.03.12"]
[Round "7"]
[White "Moberg, Reidar"]
[Black "Zachariassen, Bjarne"]
[Result "1/2-1/2"]
[WhiteElo "1615"]
[BlackElo "1651"]
[PlyCount "86"]
[EventDate "1999.11.07"]
[Board "4"]
[WhiteTeam "Follo 2"]
[BlackTeam "S.O.S.S."]

1. e4 c5 2. Nf3 Nc6 3. d4 cxd4 4. Nxd4 Nf6 5. Nc3 e5 6. Nb3 Bb4 7. Bc4 O-O 8.
O-O Bxc3 9. bxc3 Nxe4 10. Qd3 Nf6 11. Ba3 Re8 12. Bd6 Na5 13. Nxa5 Qxa5 14.
Rfe1 e4 15. Qg3 Qf5 16. Rab1 a6 17. a4 g6 18. Rbd1 b5 19. axb5 axb5 20. Bb3 Bb7
21. c4 bxc4 22. Bxc4 Ba6 23. Bb3 Rac8 24. h3 Bb5 25. Qe3 Bc6 26. c4 Ra8 27. Ra1
Rxa1 28. Rxa1 Kg7 29. Bc2 Qe6 30. c5 Qc4 31. Bb3 Qd3 32. Rd1 Qxe3 33. fxe3 Nh5
34. g4 Nf6 35. Kf2 g5 36. Kg3 Kg6 37. Rd2 Ra8 38. h4 gxh4+ 39. Kxh4 Ra3 40. Rb2
Ne8 41. Be5 Ra5 42. Rf2 f6 43. Bd4 Ra3 1/2-1/2

[Event "Østlandsserien 1999/2000, 3. div. B"]
[Site "Oslo NOR"]
[Date "1999.11.07"]
[Round "1"]
[White "Rinden, Dag H"]
[Black "Furnes, Torstein"]
[Result "1-0"]
[WhiteElo "1567"]
[BlackElo "1425"]
[PlyCount "37"]
[EventDate "1999.11.07"]
[Board "4"]
[WhiteTeam "Stjernen 4"]
[BlackTeam "Follo 3"]

1. e4 c5 2. d4 cxd4 3. c3 dxc3 4. Nxc3 Nc6 5. Nf3 g6 6. Bc4 e6 7. O-O Bg7 8.
Nb5 Nf6 9. Nd6+ Ke7 10. Be3 b6 11. Qd2 Ne8 12. Rfd1 Qc7 13. Bf4 e5 14. Nb5 Qd8
15. Qd5 Rf8 16. Bxe5 f6 17. Bd6+ Nxd6 18. Qxd6+ Ke8 19. Nc7+ 1-0